| 000 | 01973cad a22002895a 4500 | ||
|---|---|---|---|
| 001 | L148132 | ||
| 008 | 090803s2009 xxk f 000 0 eng d | ||
| 020 | _a9781842194775 | ||
| 035 | _a(Sirsi) u148132 | ||
| 041 | 0 | _aeng | |
| 050 | 0 | 4 | _a711.1 $2 18 |
| 100 | 1 | _aBurgess, Gemma | |
| 245 | 0 | 0 |
_aPlanning and the gender equality duty _bwhy does gender matter? _h[electronic resource] |
| 260 |
_aLondon _bRICS _c2009 |
||
| 490 | 0 | _aRICS Research | |
| 505 | 2 | _aExecutive summary -- Introduction -- Aims -- Methods -- Literature review -- The gender equality duty -- Research findings -- Conclusions -- Annex A: Spatial planning and gender equality -- Annex B: Useful resources -- References | |
| 520 | _aThe Gender Equality Duty is a requirement included in the Single Equality Act (2006) requiring public authorities to promote gender equality and remove gender discrimination when acting as employers and service providers. This research paper examines the impact of Gender Equality Duty on spatial planning practice and policy. It concludes that there is a lack of awareness of the Gender Equality Duty and a tendency to focus the legislation around women. It also finds that gender equality is not as emphasised as race or disability equality. It also suggests a lack of knowledge and examples on how to practically implement gender in planning and shows that gender equality in local authorities is usually emphasised by individuals. | ||
| 521 | _aAdvanced | ||
| 590 | _aKA | ||
| 651 | 4 |
_aEngland and Wales _y1543- |
|
| 690 |
_aPlanning and development _96259 |
||
| 690 | _aMANAGEMENT-BUSINESS MANAGEMENT-DISCRIMINATION-GENDER DISCRIMINATION | ||
| 710 | 1 | _aCambridge Centre for Housing and Planning Research | |
| 710 | 1 |
_aUniversity of Cambridge _bDepartment of Land Economy _9201 |
|
| 856 | 4 | 0 |
_uhttps://www.rics.org/profession-standards/knowledge-and-information-services _zemail [email protected] for a copy (fees apply to non-members) |
| 942 |
_n0 _2ddc |
||
| 999 |
_c109899 _d109899 |
||